000 00662nam a2200241 i 4500
001 C2-0292212
003 PPAK
005 20180728024319.0
008 081216s2008 nyu |||| ||||| | eng d
020 _a9780307383006
040 _aPPAK
_beng
_cPPAK
_erda
082 0 4 _a636.7
_223
090 0 0 _a636.7
_bLEE
_dLCK
100 1 _aLee, Justine A.,
_eauthor
245 1 0 _aIt's a dog's life...but it's your carpet
264 1 _aNew York :
_bThree Rivers Press ,
_c2008
300 _axxi, 248 pages ;
_c21 cm
336 _2rdacontent
_atext
337 _2rdamedia
_aunmediated
338 _2rdacarrier
_avolume
650 1 0 _aDogs - Miscellanea.
942 _ddc
_cB
999 _c97161
_d97161